000 00561cam a2200217ua 4500
001 7583
008 141217n ii |||gr||||Z||||||asm
020 _a9789382283881
040 _cMAIN
041 _aasm
082 _a491.451
100 _aBaruah, A. Kr.,
_eAuthor.
245 _aBhasabijnanara prathamika paricaya
_cBy Anup Kr. Baruah
250 _a1st.
260 _aDibrugarh:
_bKaustabh,
_c2014.
300 _a128p.
653 _aEast Indo-European & Celtic languages
653 _aAssamese language
700 _aPanging, J.,
_eAuthor.
942 _cBK
999 _c6705
_d6705